[Event "25th Czech Open A 2014"]
[Site "Pardubice CZE"]
[Date "2014.07.24"]
[Round "7.31"]
[White "Kislinsky, Alexey"]
[Black "Musaev, Rasul"]
[Result "1-0"]
[WhiteTitle "GM"]
[BlackTitle "FM"]
[WhiteElo "2491"]
[BlackElo "2281"]
[WhiteFideId "14108801"]
[BlackFideId "24146870"]
[EventDate "2014.07.18"]

1. e4 e6 2. d3 d5 3. Nd2 Nf6 4. Ngf3 Be7 5. g3 O-O 6. e5 Nfd7 7. Bg2 c5 8. O-O
Nc6 9. Re1 Qc7 10. Qe2 b5 11. h4 Ba6 12. h5 h6 13. Nf1 Rfc8 14. Bf4 Nf8 15. N1h2
Nh7 16. Ng4 Bf8 17. c3 Rab8 18. a3 Qb6 19. b4 Bb7 20. Nd2 a5 21. bxc5 Qxc5 22.
Rec1 Qe7 23. Be3 Ba6 24. Nb3 Qd8 25. f4 a4 26. Nd4 Qd7 27. Nf2 Rc7 28. Qb2 Na5
29. Bh3 Bc5 30. Bg4 Nb3 31. Nxb3 Bxe3 32. Nd2 d4 33. c4 Bxd2 34. Qxd2 bxc4 35.
dxc4 Rxc4 36. Rxc4 Bxc4 37. Rc1 Bb3 38. Nd3 Nf8 39. Kf2 Rd8 40. Bf3 Qa7 41. Qb4
Qb8 42. Qxb8 Rxb8 43. Rc7 Ba2 44. Nb4 Bb1 45. Ke1 g5 46. Kd2 gxf4 47. gxf4 Bf5
48. Ra7 Kg7 49. Bd1 Rc8 50. Bxa4 Bg4 51. Bd1 Bxd1 52. Kxd1 Rc3 53. a4 Rh3 54. a5
Rxh5 55. a6 Rh1+ 56. Kc2 Ra1 57. Rc7 h5 58. a7 d3+ 59. Nxd3 h4 60. Kb2 Ra5 61.
Nf2 Kg6 62. Kb3 Nh7 63. Kb4 Ra1 64. Kb5 f6 65. Kb6 fxe5 66. fxe5 Ng5 67. Rc5 1-0

[Event "25th Czech Open A 2014"]
[Site "Pardubice CZE"]
[Date "2014.07.24"]
[Round "7.32"]
[White "Camarena Gimenez, Rufino"]
[Black "Jovanic, Ognjen"]
[Result "1-0"]
[WhiteTitle "IM"]
[BlackTitle "GM"]
[WhiteElo "2343"]
[BlackElo "2482"]
[WhiteFideId "2211106"]
[BlackFideId "14504081"]
[EventDate "2014.07.18"]

1. d4 Nf6 2. c4 e6 3. Nf3 Bb4+ 4. Bd2 Qe7 5. g3 Bxd2+ 6. Qxd2 Nc6 7. Nc3 d5 8.
Bg2 dxc4 9. O-O O-O 10. Ne5 Nxe5 11. dxe5 Nd7 12. f4 Rb8 13. Ne4 Nb6 14. Rfc1
Bd7 15. b3 Bc6 16. bxc4 Bxe4 17. Bxe4 Qc5+ 18. Kg2 Rfd8 19. Qc2 g6 20. a4 a5 21.
Rab1 c6 22. h4 Rd4 23. Bd3 Nc8 24. Rb3 Ne7 25. Qb2 Rd7 26. Rb1 h5 27. Qc3 Kg7
28. Qe1 Nf5 29. Qf2 Nd4 30. R3b2 Qa3 31. Qe1 Qc5 32. Qf2 Qe7 33. Qe1 Ra8 34. Be4
Nf5 35. Bxf5 gxf5 36. Qc3 Qc5 37. Rxb7 Rxb7 38. Rxb7 Rd8 39. e3 Rd1 40. Kf2 Rh1
41. Qd3 Rh2+ 42. Kf3 Qf8 43. Qd6 Qxd6 44. exd6 c5 45. Ra7 Rd2 46. Rxa5 Rxd6 47.
Rxc5 Rd2 48. a5 Ra2 49. Rb5 f6 50. c5 e5 51. fxe5 fxe5 52. c6 Kf6 53. e4 Rc2 54.
Rb6 Rc3+ 55. Ke2 fxe4 56. a6 Ke7 57. a7 1-0

[Event "25th Czech Open A 2014"]
[Site "Pardubice CZE"]
[Date "2014.07.24"]
[Round "7.33"]
[White "Sabuk, Piotr"]
[Black "Potapov, Pavel"]
[Result "1/2-1/2"]
[BlackTitle "IM"]
[WhiteElo "2336"]
[BlackElo "2482"]
[WhiteFideId "1137565"]
[BlackFideId "4169786"]
[EventDate "2014.07.18"]

1. e4 c5 2. Nf3 Nc6 3. d4 cxd4 4. Nxd4 e5 5. Nb5 d6 6. N1c3 a6 7. Na3 Be7 8. Nc4
b5 9. Ne3 Nf6 10. g3 O-O 11. Bg2 b4 12. Ncd5 Nxd5 13. Nxd5 Bg5 14. Bxg5 Qxg5 15.
a3 bxa3 16. Rxa3 Rb8 17. Qd2 Qxd2+ 18. Kxd2 Rxb2 19. Rc3 Bb7 20. Kc1 Ra2 21.
Rxc6 Bxc6 22. Ne7+ Kh8 23. Nxc6 Rc8 24. Nb4 Ra1+ 25. Kb2 Rxh1 26. Bxh1 a5 27.
Nd5 g6 28. Bg2 Kg7 29. Bf1 Rb8+ 30. Ka2 h5 31. h4 Kf8 32. Bc4 Ke8 33. Ne3 Ke7
34. Bd5 Rb5 35. Bc4 Rb8 36. Bd5 Rb5 37. c3 Rb8 38. Nc4 a4 39. f4 f6 40. Ne3 Rc8
41. Bc4 Kf8 42. Kb2 Rb8+ 43. Ka2 Rc8 44. Kb2 Rb8+ 45. Ka2 Rc8 46. Kb2 1/2-1/2

[Event "25th Czech Open A 2014"]
[Site "Pardubice CZE"]
[Date "2014.07.24"]
[Round "7.35"]
[White "Kozlitin, Oleg"]
[Black "Malakhov, Igor"]
[Result "1-0"]
[WhiteTitle "IM"]
[BlackTitle "IM"]
[WhiteElo "2331"]
[BlackElo "2454"]
[WhiteFideId "4143590"]
[BlackFideId "4183088"]
[EventDate "2014.07.18"]

1. e4 c5 2. Nf3 e6 3. d4 cxd4 4. Nxd4 a6 5. Nc3 b5 6. Bd3 Qb6 7. Nb3 Qc7 8. O-O
Nf6 9. Qe2 d6 10. f4 Nbd7 11. Bd2 Bb7 12. Rae1 Be7 13. Kh1 e5 14. a4 bxa4 15.
Nxa4 O-O 16. Na5 Bc8 17. f5 Rb8 18. c4 Nc5 19. Nxc5 dxc5 20. Bc3 Rd8 21. Bxe5
Qxe5 22. Nc6 Qd6 23. Nxd8 Qxd8 24. e5 Ng4 25. Rd1 Qd4 26. f6 Bd8 27. Bf5 Ne3 28.
Qxe3 1-0

[Event "25th Czech Open A 2014"]
[Site "Pardubice CZE"]
[Date "2014.07.24"]
[Round "7.36"]
[White "Yuffa, Daniil"]
[Black "Zubritskiy, Artyom"]
[Result "0-1"]
[WhiteTitle "IM"]
[WhiteElo "2447"]
[BlackElo "2335"]
[WhiteFideId "24131423"]
[BlackFideId "4181247"]
[EventDate "2014.07.18"]

1. d4 d5 2. c4 Nc6 3. Nf3 Bg4 4. Nc3 Bxf3 5. gxf3 e6 6. Bf4 dxc4 7. e3 Bd6 8.
Bg3 Nge7 9. Bxc4 a6 10. a3 O-O 11. Ne4 Ng6 12. f4 Nce7 13. Qh5 h6 14. Rg1 Qe8
15. Bh4 Nf5 16. Bf6 Qc6 17. Bxe6 fxe6 18. Qxg6 Rf7 19. Nc3 Raf8 20. Bxg7 Rxg7
21. Qxe6+ Kh8 22. Rxg7 Qh1+ 23. Ke2 Qxa1 24. Rf7 Qxb2+ 25. Kd3 Rxf7 26. Qxf7 Ng7
27. f5 Qxf2 28. f6 Qf1+ 29. Kc2 Qg2+ 30. Kb3 Nf5 31. e4 Nxd4+ 32. Kc4 Nc6 33.
Qe8+ Qg8+ 34. f7 Qf8 0-1

[Event "25th Czech Open A 2014"]
[Site "Pardubice CZE"]
[Date "2014.07.24"]
[Round "7.37"]
[White "Tomazini, Aljosa"]
[Black "Chandra, Akshat"]
[Result "1/2-1/2"]
[WhiteTitle "FM"]
[BlackTitle "IM"]
[WhiteElo "2283"]
[BlackElo "2442"]
[WhiteFideId "14608154"]
[BlackFideId "25006711"]
[EventDate "2014.07.18"]

1. d4 Nf6 2. Nf3 e6 3. c4 d5 4. e3 Be7 5. b3 O-O 6. Bd3 c5 7. O-O cxd4 8. exd4
b6 9. Bb2 Bb7 10. Ne5 Nc6 11. Nxc6 Bxc6 12. Nd2 Qd7 13. Nf3 Qb7 14. Ne5 dxc4 15.
Nxc6 cxd3 16. Ne5 Nd5 17. Nxd3 Rac8 18. Qd2 Bf6 19. Rac1 Rcd8 20. Ne5 g6 21. Rc2
Bxe5 22. dxe5 a5 23. Qh6 Ne7 24. Qc1 Rc8 25. Ba3 Rxc2 26. Qxc2 Rc8 27. Qd2 Nf5
28. Rc1 Rxc1+ 29. Qxc1 h5 30. h3 Kg7 31. Qg5 Qd5 32. Qf6+ Kg8 33. Bd6 Nxd6 34.
Qd8+ Ne8 35. Qxe8+ Kg7 36. Qb8 Qd1+ 37. Kh2 Qd4 38. Kg1 h4 39. Qc7 g5 40. Qb8
Qa1+ 41. Kh2 Qd4 42. Kg1 Qc5 43. Qd8 Qxe5 44. Qxb6 Qa1+ 45. Kh2 Qxa2 46. Qd4+
Kg6 47. Qe4+ Kh6 48. Qf3 Kg6 49. Qe4+ Kf6 50. Qd4+ e5 51. Qd6+ Kf5 52. Qd7+ Kg6
53. Qd6+ f6 54. Qd3+ Kg7 55. Qd7+ Kh6 56. Qf5 Kg7 57. Qd7+ Kg6 58. Qd3+ Kg7 59.
Qd7+ 1/2-1/2

[Event "25th Czech Open A 2014"]
[Site "Pardubice CZE"]
[Date "2014.07.24"]
[Round "7.38"]
[White "Gordievsky, Dmitry"]
[Black "Muhammad, Luthfi Ali"]
[Result "1/2-1/2"]
[WhiteTitle "FM"]
[BlackTitle "FM"]
[WhiteElo "2439"]
[BlackElo "2336"]
[WhiteFideId "24112798"]
[BlackFideId "7103743"]
[EventDate "2014.07.18"]

1. Nf3 g6 2. c4 Nf6 3. Nc3 Bg7 4. g3 O-O 5. Bg2 c6 6. d4 d5 7. cxd5 cxd5 8. Ne5
e6 9. O-O Nfd7 10. Nf3 Nc6 11. Bf4 Nf6 12. Qd3 Qe7 13. Rac1 Bd7 14. a3 Rfd8 15.
b4 Be8 16. Nd2 Rac8 17. Nb3 e5 18. dxe5 Nxe5 19. Qe3 Nc6 20. Rfd1 Qxe3 21. Bxe3
Ng4 22. Bg5 f6 23. Bxd5+ Bf7 24. Bf4 g5 25. Bxf7+ Kxf7 26. Rxd8 Rxd8 27. Bd2 Nd4
28. Nxd4 Rxd4 29. Nb1 Ke6 30. f3 Ne5 31. Be3 Rc4 32. Rxc4 Nxc4 33. Bxa7 f5 34.
Kf2 Kd5 35. a4 b6 36. e3 Bf8 37. a5 Bxb4 38. Bxb6 Nxa5 39. Bxa5 Bxa5 40. Na3 g4
41. Nb5 Bb6 42. Ke2 gxf3+ 43. Kxf3 Ke5 44. Nd4 Bc5 45. Ne2 Bf8 46. h3 Bd6 47. g4
fxg4+ 48. hxg4 Kf6 49. Nf4 Bb8 50. Nh3 Kg6 51. Ke4 Ba7 52. Kd3 Kf6 53. Ke4 Kg6
54. Kf4 Bb8+ 55. Kf3 Kf6 56. Nf2 Kg5 57. Ne4+ Kg6 58. Ng3 Kg5 59. Nh5 Be5 60.
Nf4 Bb8 61. Ne6+ Kf6 62. Nf4 Kg5 63. Nh3+ Kf6 64. Ke4 Ba7 65. Kd3 Kg6 66. e4 Kf6
67. Ke2 Bb8 68. Ke3 Ba7+ 69. Kf3 Bb8 70. Ke3 Ba7+ 71. Ke2 Bb8 72. Kf3 Kg6 73.
Ke3 Kf6 74. Kd4 Bg3 75. Kd5 Bh2 76. g5+ Kg6 77. e5 Bxe5 78. Kxe5 h6 79. gxh6
Kxh6 1/2-1/2

[Event "25th Czech Open A 2014"]
[Site "Pardubice CZE"]
[Date "2014.07.24"]
[Round "7.39"]
[White "Simantsev, Mikhail"]
[Black "Bruedigam, Martin"]
[Result "1-0"]
[WhiteTitle "GM"]
[BlackTitle "FM"]
[WhiteElo "2434"]
[BlackElo "2328"]
[WhiteFideId "14104555"]
[BlackFideId "24608033"]
[EventDate "2014.07.18"]

1. c4 c6 2. d4 d5 3. Nc3 Nf6 4. e3 Bf5 5. cxd5 cxd5 6. Qb3 Nc6 7. Qxb7 Bd7 8.
Qb3 Rb8 9. Qd1 e5 10. Nf3 Bd6 11. dxe5 Nxe5 12. Be2 O-O 13. O-O Rb6 14. g3 Bh3
15. Re1 Bb8 16. b3 Nxf3+ 17. Bxf3 Be5 18. Bb2 Rd6 19. Rc1 Ne4 20. Qe2 Qa5 21.
Bxe4 dxe4 22. Nxe4 Bxb2 23. Qxb2 Rh6 24. f3 Bc8 25. Nc5 Rd6 26. b4 Qb6 27. Red1
Rfd8 28. Rxd6 Qxd6 29. Qe2 h5 30. a3 Bh3 31. Ne4 Qd5 32. Nf2 Be6 33. Rd1 1-0

[Event "25th Czech Open A 2014"]
[Site "Pardubice CZE"]
[Date "2014.07.24"]
[Round "7.40"]
[White "Nagy, Gabor1"]
[Black "Tesik, Csaba"]
[Result "1/2-1/2"]
[WhiteTitle "IM"]
[BlackTitle "FM"]
[WhiteElo "2434"]
[BlackElo "2324"]
[WhiteFideId "737119"]
[BlackFideId "735582"]
[EventDate "2014.07.18"]

1. d4 Nf6 2. Nf3 e6 3. Bf4 c5 4. e3 b6 5. Nbd2 Bb7 6. h3 Be7 7. c3 d6 8. Bh2 O-O
9. Bd3 cxd4 10. exd4 Ba6 11. Bxa6 Nxa6 12. O-O Nc7 13. Qe2 Qd7 14. Rfe1 b5 1/2-1/2

[Event "25th Czech Open A 2014"]
[Site "Pardubice CZE"]
[Date "2014.07.24"]
[Round "7.41"]
[White "Rjabzev, Konstantin"]
[Black "Plischki, Sebastian"]
[Result "1-0"]
[WhiteTitle "IM"]
[BlackTitle "IM"]
[WhiteElo "2308"]
[BlackElo "2433"]
[WhiteFideId "4150015"]
[BlackFideId "4637143"]
[EventDate "2014.07.18"]

1. e4 c5 2. Nf3 d6 3. c3 Nf6 4. h3 Nc6 5. Bd3 d5 6. e5 c4 7. Bc2 Nd7 8. Ba4 Nc5
9. O-O e6 10. Bc2 Be7 11. b3 b5 12. Ba3 a5 13. Nd4 Nxe5 14. f4 Ned3 15. Nc6 Qb6
16. Nxe7 b4 17. Nxc8 Rxc8 18. Kh2 bxa3 19. Nxa3 cxb3 20. axb3 O-O 21. Rf3 e5 22.
Rxd3 Nxd3 23. Bxd3 e4 24. Be2 d4 25. cxd4 Qxd4 26. Nc4 Rc5 27. Ra4 Rd8 28. Nxa5
Qxd2 29. Qxd2 Rxd2 30. Rxe4 f5 31. Bc4+ Kf8 32. Re5 Rxe5 33. fxe5 f4 34. Kg1 g5
35. Nc6 h5 36. Nb4 g4 37. hxg4 hxg4 38. Nd5 g3 39. Nxf4 Rd1+ 40. Bf1 Rb1 41.
Ne6+ Ke7 42. Nd4 Kf7 43. Nf5 Ke6 44. Nxg3 Kxe5 45. Kf2 Rxb3 46. Be2 Kf4 47. Bf3
Rb2+ 48. Ne2+ Kg5 49. Kg3 Rb3 50. Kf2 Rb2 51. Kg3 Rb3 52. Nf4 Kf5 53. Nh3 Rb4
54. Be2 Rd4 55. Kf3 Kf6 56. g3 Rb4 57. Nf2 Rb3+ 58. Kf4 Rb4+ 59. Ne4+ Kg6 60. g4
Ra4 61. Bb5 Ra8 62. Bd7 Ra1 63. Bf5+ Kg7 64. Kg5 Rc1 65. Be6 Rc6 66. Bd5 Ra6 67.
Ng3 Rg6+ 68. Kf5 Rf6+ 69. Kg5 Rg6+ 70. Kf4 Ra6 71. g5 Ra4+ 72. Be4 Ra5 73. Nh5+
Kh8 74. Bf5 Ra1 75. g6 Ra7 76. Kg5 Rc7 77. Bg4 Rc6 78. Nf4 Kg7 79. Ne6+ Kg8 80.
Kf6 Ra6 81. Bf3 Rb6 82. Bd5 Ra6 83. Bc4 Rb6 84. Bd3 Rb3 85. Be4 Rb6 86. Kg5 Ra6
87. Bf5 Rb6 88. Kh6 Rb5 89. Nd4 Rb7 90. Nf3 Ra7 91. Ng5 Kh8 92. Ne6 Rh7+ 93. Kg5
Ra7 94. Nf4 Kg7 95. Nh5+ Kh8 96. Be6 Rb7 97. Kf6 Rb8 98. Nf4 Rb7 99. Bf7 Rb8
100. Ne6 Rg8 101. Bxg8 Kxg8 102. g7 1-0

[Event "25th Czech Open A 2014"]
[Site "Pardubice CZE"]
[Date "2014.07.24"]
[Round "7.42"]
[White "D'Costa, Lorin A R"]
[Black "Hrabusa, Matej"]
[Result "1-0"]
[WhiteTitle "IM"]
[WhiteElo "2421"]
[BlackElo "2319"]
[WhiteFideId "409219"]
[BlackFideId "14908042"]
[EventDate "2014.07.18"]

1. c4 f5 2. g3 Nf6 3. Bg2 e6 4. Nf3 Be7 5. O-O O-O 6. b3 d6 7. d4 a5 8. Nc3 Ne4
9. Bb2 Nxc3 10. Bxc3 Nd7 11. Qc2 Qe8 12. e4 f4 13. e5 d5 14. Bd2 fxg3 15. fxg3
c5 16. cxd5 exd5 17. Ng5 Bxg5 18. Bxd5+ Kh8 19. Bxg5 cxd4 20. e6 Nf6 21. Bxf6
gxf6 22. Qc5 Bxe6 23. Rae1 Qc8 24. Qxd4 Bf5 25. g4 Bd3 26. Rxf6 1-0

[Event "25th Czech Open A 2014"]
[Site "Pardubice CZE"]
[Date "2014.07.24"]
[Round "7.43"]
[White "Sundararajan, Kidambi"]
[Black "Kerigan, Demre"]
[Result "1-0"]
[WhiteTitle "GM"]
[BlackTitle "FM"]
[WhiteElo "2414"]
[BlackElo "2318"]
[WhiteFideId "5005370"]
[BlackFideId "6307841"]
[EventDate "2014.07.18"]

1. d4 d6 2. Nf3 Bg4 3. c4 Bxf3 4. exf3 g6 5. Nc3 Bg7 6. Be3 e6 7. Qb3 Ne7 8.
O-O-O O-O 9. g4 d5 10. h4 Nbc6 11. h5 f5 12. cxd5 Nxd5 13. hxg6 f4 14. Nxd5 exd5
15. Rh5 Na5 16. Qxd5+ Qxd5 17. Rxd5 fxe3 18. Rxa5 exf2 19. Bc4+ Kh8 20. Rh5 h6
21. Bf7 Bxd4 22. Rxh6+ Kg7 23. Rh7+ Kf6 24. Kd2 Rh8 25. Rxh8 Rxh8 26. Ke2 c5 27.
g5+ Kg7 28. f4 Rh2 29. Kf3 Rh3+ 30. Kg2 Re3 31. f5 Kf8 32. Kxf2 Re5+ 33. Kf3
Rxf5+ 34. Kg4 Rf2 35. Re1 Rg2+ 36. Kf4 Rf2+ 37. Kg3 Kg7 38. Re8 Rxf7 39. gxf7
Kxf7 40. Rc8 1-0

[Event "25th Czech Open A 2014"]
[Site "Pardubice CZE"]
[Date "2014.07.24"]
[Round "7.44"]
[White "Farid, Firman Syah"]
[Black "Lokander, Martin"]
[Result "1/2-1/2"]
[WhiteTitle "IM"]
[BlackTitle "FM"]
[WhiteElo "2401"]
[BlackElo "2309"]
[WhiteFideId "7102526"]
[BlackFideId "1709569"]
[EventDate "2014.07.18"]

1. d4 Nf6 2. Nf3 g6 3. c4 Bg7 4. Nc3 d5 5. Bg5 Ne4 6. Bh4 Nxc3 7. bxc3 dxc4 8.
Qa4+ c6 9. Qxc4 Be6 10. Qb4 Qc7 11. e3 c5 12. Bb5+ Bd7 13. Qc4 Bxb5 14. Qxb5+
Nd7 15. O-O e6 16. Rab1 b6 17. Bg3 Qc8 18. Bd6 a6 19. Qb2 Bf8 20. dxc5 bxc5 21.
c4 f6 22. Bg3 e5 23. Nd2 Be7 24. f4 exf4 25. Bxf4 O-O 26. Qb7 Rf7 27. Qd5 Qd8
28. Bc7 Qe8 29. Ne4 f5 30. Bd6 Kg7 31. Rb7 Rd8 32. Bc7 Rc8 33. Bf4 Rd8 34. Bc7
Rc8 35. Bd6 Rd8 36. Bc7 1/2-1/2

[Event "25th Czech Open A 2014"]
[Site "Pardubice CZE"]
[Date "2014.07.24"]
[Round "7.45"]
[White "Mukashev, Assan"]
[Black "Sergeyev, Alexander"]
[Result "0-1"]
[BlackTitle "FM"]
[WhiteElo "2261"]
[BlackElo "2389"]
[WhiteFideId "13703803"]
[BlackFideId "13702076"]
[EventDate "2014.07.18"]

1. d4 d5 2. c4 c6 3. Nf3 Nf6 4. Nbd2 Bf5 5. Nh4 Be6 6. e3 c5 7. dxc5 dxc4 8.
Bxc4 Bxc4 9. Qa4+ Nbd7 10. Nxc4 e6 11. b4 Nd5 12. Nf3 b5 13. Qxb5 Rb8 14. Qa4
Rxb4 15. Qc2 Bxc5 16. O-O O-O 17. Bd2 Rb8 18. Rfd1 Rc8 19. Qa4 Qe7 20. Rab1 N7b6
21. Nxb6 Bxb6 22. Rdc1 h6 23. Qa6 Rxc1+ 24. Rxc1 e5 25. Qc4 Rd8 26. Kf1 e4 27.
Nd4 Qf6 28. Nc2 Qe5 29. Be1 Qxh2 30. Qxe4 Qh1+ 31. Ke2 Nc3+ 32. Bxc3 Qxc1 33.
Kf3 Qd1+ 34. Kg3 Rc8 35. Nd4 Rxc3 36. Qe8+ Kh7 37. Qxf7 Qxd4 0-1

[Event "25th Czech Open A 2014"]
[Site "Pardubice CZE"]
[Date "2014.07.24"]
[Round "7.46"]
[White "Sukandar, Irine Kharisma"]
[Black "Ageichenko, Genadi A"]
[Result "1-0"]
[WhiteTitle "WGM"]
[BlackTitle "IM"]
[WhiteElo "2375"]
[BlackElo "2297"]
[WhiteFideId "7101937"]
[BlackFideId "4105222"]
[EventDate "2014.07.18"]

1. e4 c5 2. Nf3 d6 3. Bb5+ Nc6 4. O-O Bd7 5. Re1 Nf6 6. c3 a6 7. Bf1 Bg4 8. h3
Bxf3 9. Qxf3 e6 10. Qd1 Be7 11. d4 cxd4 12. cxd4 d5 13. e5 Ne4 14. Nc3 Nxc3 15.
bxc3 O-O 16. Bd3 Rc8 17. Qg4 Re8 18. Bh6 Bf8 19. Re3 Ne7 20. Rg3 Ng6 21. Bd2 Rc4
22. Bxc4 dxc4 23. Bg5 Qb6 24. h4 Qb2 25. Qd1 b5 26. a4 Rb8 27. axb5 axb5 28. Ra7
b4 29. Qf3 Nh8 30. cxb4 Qxd4 31. Qe3 Qd1+ 32. Kh2 Qd5 33. h5 Rxb4 34. Be7 Rb3
35. Qg5 h6 36. Qf4 Rxg3 37. Qxg3 Bxe7 38. Rxe7 f6 39. Qxg7# 1-0

[Event "25th Czech Open A 2014"]
[Site "Pardubice CZE"]
[Date "2014.07.24"]
[Round "7.47"]
[White "Vlasak, Lukas"]
[Black "Villegas, Pierre"]
[Result "1/2-1/2"]
[WhiteTitle "FM"]
[BlackTitle "FM"]
[WhiteElo "2375"]
[BlackElo "2291"]
[WhiteFideId "324752"]
[BlackFideId "654183"]
[EventDate "2014.07.18"]

1. e4 c6 2. d4 d5 3. Nc3 dxe4 4. Nxe4 Nd7 5. Ng5 Ngf6 6. Bd3 e6 7. Qe2 Bd6 8.
N1f3 h6 9. Ne4 Nxe4 10. Qxe4 Qc7 11. O-O b6 12. Re1 Bb7 13. Qe2 O-O-O 14. Ba6
Bxa6 15. Qxa6+ Kb8 16. Bd2 Rhe8 17. Bc3 1/2-1/2

[Event "25th Czech Open A 2014"]
[Site "Pardubice CZE"]
[Date "2014.07.24"]
[Round "7.48"]
[White "Semenova, Elena1"]
[Black "Seger, Ruediger"]
[Result "1/2-1/2"]
[WhiteTitle "WIM"]
[BlackTitle "IM"]
[WhiteElo "2215"]
[BlackElo "2374"]
[WhiteFideId "24125148"]
[BlackFideId "4617274"]
[EventDate "2014.07.18"]

1. e4 c6 2. d4 d5 3. f3 g6 4. Nc3 Bg7 5. Be3 Qb6 6. Qd2 Qxb2 7. Rb1 Qa3 8. exd5
Nf6 9. dxc6 bxc6 10. Bc4 Nbd7 11. Nge2 Nb6 12. Bb3 Ba6 13. O-O O-O 14. Rfe1 Rfd8
15. Ne4 Nxe4 16. fxe4 c5 17. c3 Nc4 18. Qc1 Qxc1 19. Bxc1 cxd4 20. cxd4 Nb6 21.
Bg5 Bxe2 22. Rxe2 Bxd4+ 23. Kh1 Bf6 24. Bxf6 exf6 25. Rf1 Nd7 26. h3 Rab8 27.
Rd2 Kf8 28. Rfd1 Ke7 29. Bxf7 Ne5 30. Bb3 Rxd2 31. Rxd2 Rd8 32. Rc2 Rd4 33. Rc7+
Rd7 34. Rc5 Nd3 35. Rc6 Rd6 36. Rc7+ Rd7 37. Rc6 Rd6 38. Rc7+ Rd7 39. Rc6 Nf4
40. g3 Nxh3 41. Re6+ Kd8 42. Rxf6 Rd2 1/2-1/2

[Event "25th Czech Open A 2014"]
[Site "Pardubice CZE"]
[Date "2014.07.24"]
[Round "7.49"]
[White "Vrana, Jan"]
[Black "Kratochvil, Josef"]
[Result "1-0"]
[WhiteTitle "FM"]
[BlackTitle "FM"]
[WhiteElo "2374"]
[BlackElo "2257"]
[WhiteFideId "322369"]
[BlackFideId "328626"]
[EventDate "2014.07.18"]

1. e4 g6 2. d4 Bg7 3. Nf3 d6 4. Bd3 c5 5. c3 Nf6 6. O-O O-O 7. h3 Qc7 8. Qe2 Nc6
9. d5 Ne5 10. Nxe5 dxe5 11. c4 Ne8 12. Nc3 Nd6 13. f4 Bd7 14. a4 a6 15. a5 f5
16. fxe5 Bxe5 17. Bh6 Rf7 18. Kh1 f4 19. Qd2 Ne8 20. Ne2 Ng7 21. Nxf4 Raf8 22.
g3 Qd6 23. Kg2 Bc8 24. Be2 Bd4 25. Nd3 Rxf1 26. Rxf1 Rxf1 27. Bxf1 Nh5 28. Bf4
Qf6 29. Be2 Nxf4+ 30. Qxf4 Qxf4 31. gxf4 Bd7 32. b3 h5 33. Kg3 Kg7 34. Bf3 Bc8
35. Bg2 Kf7 36. Kf3 Ke8 37. Ne5 g5 38. Nd3 g4+ 39. Kg3 Bc3 40. f5 Bxa5 41. hxg4
Bc7+ 42. Kh4 hxg4 43. Kxg4 b6 44. Kg5 Kf8 45. Bf3 Bd7 46. e5 a5 47. Bd1 Bd8 48.
e6 Be8 49. d6 exd6+ 50. f6 b5 51. cxb5 Bxb5 52. Nf4 c4 53. bxc4 Bxc4 54. e7+
Bxe7 55. Ng6+ Kf7 56. fxe7 Bb5 57. Bb3+ Kg7 58. Nf4 a4 59. Bd5 a3 60. Nh5+ Kh8
61. Kh6 a2 62. Bxa2 d5 63. Nf4 Bc6 64. Ng6+ Kg8 65. Bxd5+ 1-0

[Event "25th Czech Open A 2014"]
[Site "Pardubice CZE"]
[Date "2014.07.24"]
[Round "7.50"]
[White "Suran, Jan"]
[Black "Vogel, Roven"]
[Result "1-0"]
[WhiteTitle "FM"]
[WhiteElo "2368"]
[BlackElo "2257"]
[WhiteFideId "305782"]
[BlackFideId "12908088"]
[EventDate "2014.07.18"]

1. e4 c5 2. Nf3 e6 3. Nc3 Qc7 4. d4 cxd4 5. Nxd4 Nc6 6. g3 a6 7. Bg2 Nf6 8. O-O
Bc5 9. Nb3 Be7 10. Be3 d6 11. a4 Ne5 12. Qe2 h5 13. h3 Bd7 14. Nd2 Bc6 15. Rfd1
Rc8 16. a5 Kf8 17. f4 Ned7 18. Nc4 Nxe4 19. Nxe4 Bb5 20. Qd2 Bxc4 21. Nxd6 Bxd6
22. Qxd6+ Qxd6 23. Rxd6 Ke7 24. Rad1 Bb5 25. Bxb7 Rxc2 26. Bxa6 Bc6 27. R6d2
Rxd2 28. Bxd2 Rb8 29. b4 Bb5 30. Bxb5 Rxb5 31. a6 Rd5 32. Kf2 Nb6 33. Ke2 Kd7
34. Be3 Rxd1 35. Kxd1 Na8 36. b5 Nc7 37. a7 Kc8 38. b6 Na8 39. Ke2 Kb7 40. Kd3
Kc6 41. h4 Kb7 42. Kc4 Kc6 43. Bf2 Kb7 44. Kb5 f6 45. Be3 e5 46. f5 e4 47. Bf2
e3 48. Bxe3 Nxb6 49. Bxb6 1-0

[Event "25th Czech Open A 2014"]
[Site "Pardubice CZE"]
[Date "2014.07.24"]
[Round "7.51"]
[White "Shevchenko, Kirill"]
[Black "Kourousis, Epaminondas"]
[Result "1-0"]
[WhiteTitle "CM"]
[WhiteElo "2100"]
[BlackElo "2364"]
[WhiteFideId "14129574"]
[BlackFideId "4211626"]
[EventDate "2014.07.18"]

1. e4 c5 2. Nf3 Nc6 3. d4 cxd4 4. Nxd4 Qb6 5. Nb3 Nf6 6. Nc3 e6 7. Qe2 Qc7 8. g3
a6 9. Bg2 Be7 10. O-O d6 11. Be3 b5 12. f4 Bb7 13. a3 O-O 14. Rad1 Rfe8 15. g4
Nd7 16. g5 Bf8 17. Rf3 g6 18. h4 b4 19. axb4 Nxb4 20. Rh3 Rac8 21. h5 Bg7 22.
hxg6 hxg6 23. Qd2 Nb6 24. Bd4 e5 25. fxe5 dxe5 26. Bc5 Nc6 27. Qf2 Nd4 28. Rf1
Re6 29. Qh4 Qxc5 30. Nxc5 Rxc5 31. Nd5 Nxd5 32. exd5 Rxc2 33. Qh7+ Kf8 34. Rxf7+
Kxf7 35. dxe6+ 1-0

[Event "25th Czech Open A 2014"]
[Site "Pardubice CZE"]
[Date "2014.07.24"]
[Round "7.52"]
[White "Gorbatov, Alexej"]
[Black "Eliseev, Evgeniy"]
[Result "1-0"]
[WhiteTitle "IM"]
[WhiteElo "2358"]
[BlackElo "2140"]
[WhiteFideId "4111834"]
[BlackFideId "14139642"]
[EventDate "2014.07.18"]

1. Nf3 Nf6 2. c4 g6 3. g3 Bg7 4. Bg2 d6 5. d4 O-O 6. O-O Nc6 7. Nc3 Bf5 8. d5
Na5 9. Nd4 Bd7 10. b3 c5 11. dxc6 Nxc6 12. Bb2 Qb6 13. Nc2 Rac8 14. Ne3 Qa5 15.
Qd2 Bh6 16. f4 Ng4 17. b4 Qd8 18. Ncd5 e5 19. Nxg4 Bxg4 20. e3 Bg7 21. h3 Be6
22. Rad1 b6 23. Kh2 Ne7 24. fxe5 dxe5 25. Qe2 Bxd5 26. cxd5 Nf5 27. h4 b5 28.
Bh3 Rc4 29. Bxf5 gxf5 30. Rxf5 Qc8 31. e4 f6 32. Rf2 f5 33. exf5 Rxf5 34. Rxf5
Qxf5 35. d6 Re4 36. Qg2 Qg4 37. Rd2 Bf6 38. d7 Bd8 39. Bc3 h5 40. Rf2 Kg7 41.
Qf3 Qxf3 42. Rxf3 Kg8 43. Rf5 Re2+ 44. Kh3 e4 45. Re5 Kf7 46. Re8 Bc7 47. Rc8
Bb6 48. Bd4 Ke6 49. Bxb6 Kxd7 50. Rc7+ Ke6 51. Rxa7 Kd5 52. Bc5 Kc4 53. a4 bxa4
54. Rxa4 Rd2 55. Ra7 Rb2 56. Rh7 Kd3 57. Rxh5 e3 58. Bxe3 Kxe3 59. b5 Kf3 60.
Rf5+ Ke4 61. Kg4 Rd2 62. b6 Rd7 63. Rb5 Rg7+ 64. Kh3 Rb7 65. h5 Kf3 66. Kh4 Ke4
67. h6 Kf3 68. Rb3+ Ke4 69. Kh5 Kf5 70. g4+ Kf6 71. g5+ Kf7 72. g6+ Kf8 73. Rf3+
Kg8 74. g7 Kh7 75. Rf8 1-0